<?xml version="1.0" encoding="UTF-8"?>
<record
    xmlns:xsi="http://www.w3.org/2001/XMLSchema-instance"
    xsi:schemaLocation="http://www.loc.gov/MARC21/slim http://www.loc.gov/standards/marcxml/schema/MARC21slim.xsd"
    xmlns="http://www.loc.gov/MARC21/slim">

  <leader>02372cam a22003495a 4500</leader>
  <controlfield tag="001">17961030</controlfield>
  <controlfield tag="005">20150823133545.0</controlfield>
  <controlfield tag="008">131203s2014    maua   frb    001 0 eng d</controlfield>
  <datafield tag="020" ind1=" " ind2=" ">
    <subfield code="a">9780123944320 (hardback)</subfield>
  </datafield>
  <datafield tag="040" ind1=" " ind2=" ">
    <subfield code="a">DLC</subfield>
    <subfield code="b">eng</subfield>
    <subfield code="c">DLC</subfield>
    <subfield code="d">DLC</subfield>
    <subfield code="d">EG-ScBUE</subfield>
  </datafield>
  <datafield tag="050" ind1="0" ind2="0">
    <subfield code="a">TC1800</subfield>
    <subfield code="b">.B354 2014</subfield>
  </datafield>
  <datafield tag="082" ind1="0" ind2="4">
    <subfield code="a">621.867209162</subfield>
    <subfield code="2">22</subfield>
    <subfield code="b">BAI</subfield>
  </datafield>
  <datafield tag="100" ind1="1" ind2=" ">
    <subfield code="a">Bai, Yong.</subfield>
    <subfield code="9">37847</subfield>
  </datafield>
  <datafield tag="245" ind1="1" ind2="0">
    <subfield code="a">Subsea pipeline integrity and risk management /</subfield>
    <subfield code="c">Yong Bai, Qiang Bai.</subfield>
  </datafield>
  <datafield tag="250" ind1=" " ind2=" ">
    <subfield code="a">1st ed.</subfield>
  </datafield>
  <datafield tag="260" ind1=" " ind2=" ">
    <subfield code="a">Waltham ;</subfield>
    <subfield code="a">Oxford :</subfield>
    <subfield code="b">Gulf Professional Publishing / Elsevier,</subfield>
    <subfield code="c">2014. </subfield>
  </datafield>
  <datafield tag="300" ind1=" " ind2=" ">
    <subfield code="a">xiii, 413 p. :</subfield>
    <subfield code="b">ill. ;</subfield>
    <subfield code="c">24 cm.</subfield>
  </datafield>
  <datafield tag="500" ind1=" " ind2=" ">
    <subfield code="a">Index : p. 391-413.</subfield>
  </datafield>
  <datafield tag="504" ind1=" " ind2=" ">
    <subfield code="a">Includes bibliographical references.</subfield>
  </datafield>
  <datafield tag="505" ind1="8" ind2=" ">
    <subfield code="a">Machine generated contents note: PART I: PIPELINE INTEGRITY MANAGEMENT Corroded Pipelines Buckling/Collapse of Corroded Pipes Dented Pipelines Pipeline Inspection and Subsea Repair Integrity Management and Flexible Pipes Leak Detection Systems Fibre Optical Monitoring System PART II: RISK AND RELIABILITY APPLICATIONS Risk Analysis for Subsea Pipelines Risk-Based Inspection (RBI) Reliability-Based Strength Design of Pipelines LCC Modeling as a Decision Making Tool in Pipeline Design Quantitative Risk Analysis-Based RBI Reliability-Based Fitness for Service Pipeline Flow Risk Assessment Marine Traffic Risk Assessment CoF Modeling for Quantitative Risk Analysis Environmental Impact Assessment Oil Spill Response Plan .</subfield>
  </datafield>
  <datafield tag="520" ind1=" " ind2=" ">
    <subfield code="a">"In most subsea developments, oil and gas productions are transported from subsea well to platform in multiphase flow without separation process. Corrosion represents increasing challenges for the operation of subsea pipelines. Corrosion can be defined as a deterioration of a metal, due to chemical or electrochemical between the metal and its environment. The tendency of a metal to corrode depends on a given environment and the metal type"--</subfield>
  </datafield>
  <datafield tag="650" ind1=" " ind2="0">
    <subfield code="a">Underwater pipelines</subfield>
    <subfield code="x">Corrosion</subfield>
    <subfield code="2">BUEsh</subfield>
  </datafield>
  <datafield tag="650" ind1=" " ind2="7">
    <subfield code="a">Underwater pipelines</subfield>
    <subfield code="x">Design and construction.</subfield>
    <subfield code="2">BUEsh</subfield>
    <subfield code="9">37845</subfield>
  </datafield>
  <datafield tag="650" ind1=" " ind2="7">
    <subfield code="a">Offshore structures</subfield>
    <subfield code="x">Design and construction.</subfield>
    <subfield code="2">BUEsh</subfield>
    <subfield code="9">37846</subfield>
  </datafield>
  <datafield tag="650" ind1=" " ind2="0">
    <subfield code="a">Offshore oil well drilling</subfield>
    <subfield code="x">Safety measures</subfield>
    <subfield code="2">BUEsh</subfield>
  </datafield>
  <datafield tag="650" ind1=" " ind2="0">
    <subfield code="a">Offshore oil industry</subfield>
    <subfield code="x">Risk management</subfield>
    <subfield code="2">BUEsh</subfield>
  </datafield>
  <datafield tag="651" ind1=" " ind2=" ">
    <subfield code="2">BUEsh</subfield>
  </datafield>
  <datafield tag="653" ind1=" " ind2=" ">
    <subfield code="b">ENGGEN</subfield>
    <subfield code="c">August2015</subfield>
  </datafield>
  <datafield tag="655" ind1=" " ind2=" ">
    <subfield code="v">reading book</subfield>
    <subfield code="9">34232</subfield>
  </datafield>
  <datafield tag="700" ind1="1" ind2=" ">
    <subfield code="a">Bai, Qiang,</subfield>
    <subfield code="9">37844</subfield>
  </datafield>
  <datafield tag="942" ind1=" " ind2=" ">
    <subfield code="2">ddc</subfield>
  </datafield>
  <datafield tag="999" ind1=" " ind2=" ">
    <subfield code="c">20640</subfield>
    <subfield code="d">20612</subfield>
  </datafield>
  <datafield tag="952" ind1=" " ind2=" ">
    <subfield code="0">0</subfield>
    <subfield code="1">0</subfield>
    <subfield code="2">ddc</subfield>
    <subfield code="4">0</subfield>
    <subfield code="7">0</subfield>
    <subfield code="8">Baccah</subfield>
    <subfield code="a">MAIN</subfield>
    <subfield code="b">MAIN</subfield>
    <subfield code="c">1ST</subfield>
    <subfield code="d">2015-08-19</subfield>
    <subfield code="e">purchase</subfield>
    <subfield code="g">1400.00</subfield>
    <subfield code="h">21761</subfield>
    <subfield code="l">2</subfield>
    <subfield code="m">40</subfield>
    <subfield code="o">621.867209162 BAI</subfield>
    <subfield code="p">000039766</subfield>
    <subfield code="r">2025-07-15 00:00:00</subfield>
    <subfield code="s">2017-11-28</subfield>
    <subfield code="v">1750.00</subfield>
    <subfield code="y">BB</subfield>
  </datafield>
</record>
